| 000 | 00000nam##2200000za#4500 |
| 001 | 9.646901 |
| 003 | CaOODSP |
| 005 | 20210615112550 |
| 007 | ta |
| 008 | 150407|2001||||xxc||||| f|0| 0 eng|d |
| 020 | |a0-662-26711-7 |
| 040 | |aCaOODSP|beng |
| 043 | |an-cn--- |
| 086 | 1 |aNH15-114/1998E |
| 110 | 2 |aCanada Mortgage and Housing Corporation. |
| 245 | 10|aHomebuying step by step : |ba consumer guide and workbook |
| 250 | |aReprint. |
| 260 | |aOttawa - Ontario : |bCanada Mortgage and Housing Corporation |c2001. |
| 300 | |a46, 24p. : |billus., tables ; |c28 cm. |
| 500 | |aN.B.: Incorrect catalogue number (NH15-144/1998E) printed on this publication. |
| 563 | |aSoftcover |
| 590 | |a01-38|b2001-09-21 |
| 690 | 07|aHousing|2gcpds |
| 775 | 08|tL'achat d'une maison : |w(CaOODSP)9.680395 |
| 776 | 0#|tHomebuying step by step : |w(CaOODSP)9.695884 |